Финландия (Запис номер 69436)
[ съкратено ]
| 000 -Лидер | |
|---|---|
| Контролно поле с фиксирана дължина | 02068nam a2200409 c 4500 |
| 003 - Код на организацията, давaща контролен номер | |
| Контролно поле | BLK |
| 005 - Дата и час на последна редакция | |
| Контролно поле | 20230921103406.0 |
| 008 - Елементи от данни с фиксирана дължина | |
| fixed length control field | 180408b bul|||||r ||||||| ||bul|| |
| 010 ## - Наследен системен номер | |
| LC control number | KNG00073783000 |
| 020 ## - Международен стандартен номер на книга ISBN | |
| Международен стандартен номер на книга ISBN | 978-954-320-088-7 |
| -- | издат.: Рива |
| 040 ## - Източник на каталожния запис | |
| Идентификатор на билиотеката - собственик на записа | BLK |
| 041 ## - Код за език | |
| Код за езика на текст/звукозапис или на отделно заглавие | Български |
| Код за езика КДБФ | Български |
| 080 ## - УДК | |
| Текстов определител УДК | История на Финландия |
| УДК код - определител по УДК | 948.0 |
| УДК определител | |
| УДК - код + определител | 948.0 |
| 080 ## - УДК | |
| Текстов определител УДК | Социография. Социално положение. Условия на политическия и социалния живот. Социално и социално-икономическо положение на отделните страни, народи, раси. Социална география. (Общи въпроси) |
| УДК код - определител по УДК | 308 |
| УДК определител | (480)(035) |
| УДК - код + определител | 308(480)(035) |
| 100 1# - Редна дума - Автор | |
| Автор | Бон, Ингрид |
| Авторска отговорност | първи автор |
| R(LIN) | 294422 |
| 139 ## - Редно поле | |
| Редна дума | Бон, Ингрид |
| Авторски знак | Бон - Б 62 |
| 245 10 - Сведения за заглавието | |
| Заглавие | Финландия |
| Подзаглавни данни | От наченките до наши дни |
| Редно поле (дума) | Ингрид Бон; прев. Фросина Парашкевова; прев. Борис Парашкевов; худож. Веселин Цаков. |
| 257 ## - Страна на издаване | |
| Страна на създаване/издаване | Финландия |
| 260 ## - Област на издателските данни | |
| -- | София |
| Име на издателя, разпространителя и проч. | Рива |
| Година на издаване | 2007 |
| Печатница | В. Търново : Абагар |
| 300 ## - Физическа характеристика | |
| Страници | 384 с. |
| Илюстрации и др. | с ил., к. |
| Размери/Мащаб | 20 см |
| 380 ## - Жанр | |
| Жанр | История |
| 500 ## - Общи забележки | |
| Забележка | Ориг. загл. Finnland / Ingrid Bohn. - Съдържа и Държавни президенти на Финландия ; Хронологическа таблица. |
| 650 #4 - Допълнително описание по предмет – тема | |
| Основно описание – тема или топоним | Финландия - история |
| 9 (RLIN) | 294425 |
| 651 #4 - Допълнително описание по предмет - топоним | |
| Географско понятие | Финландия |
| 9 (RLIN) | 179718 |
| 653 ## - Ключова дума – ненормативна | |
| Ключова дума | Финландия |
| 653 ## - Ключова дума – ненормативна | |
| Ключова дума | история |
| 653 ## - Ключова дума – ненормативна | |
| Ключова дума | население |
| 700 1# - Други автори (авторска отговорност) | |
| Лично име | Парашкевова, Фросина |
| Автороска отговорност (Описва отношението между автора и произведението) | прев. |
| 9 (RLIN) | 294423 |
| 700 1# - Други автори (авторска отговорност) | |
| Лично име | Парашкевов, Борис |
| Автороска отговорност (Описва отношението между автора и произведението) | прев. |
| 9 (RLIN) | 368147 |
| 700 1# - Други автори (авторска отговорност) | |
| Лично име | Цаков, Веселин |
| Автороска отговорност (Описва отношението между автора и произведението) | худож. |
| 9 (RLIN) | 294424 |
| 852 ## - Местоположение | |
| Форматна сигнатура | Цб 232973 |
| 856 4# - Електронен адрес и достъп | |
| Електронен формат | pdf - файл |
| Път до файла /url/ | |
| 856 4# - Електронен адрес и достъп | |
| Електронен формат | pdf - файл |
| Път до файла /url/ | |
| 942 ## - АРТИКУЛИ | |
| Вид на библиотечния материал | Книги |
| Скрит в OPAC | Не |
| Koha issues (borrowed), all copies | 5 |
| 944 ## - СЪЗДАВАНЕ И РЕДАКЦИЯ на ЗАПИСА | |
| Създаване/Редакция | Създаване |
| Дата на регистрацията/редакция | 04.04.2007 |
| Служител, извършил регистрацията/редакцията | 30564 |
| Статус, дата на статуса | Галина Якимова |
| 944 ## - СЪЗДАВАНЕ И РЕДАКЦИЯ на ЗАПИСА | |
| Създаване/Редакция | Редакция |
| Дата на регистрацията/редакция | 16.10.2008 |
| Служител, извършил регистрацията/редакцията | |
| 999 ## - СИСТЕМНИ КОНТРОЛНИ НОМЕРА | |
| Koha biblionumber | 69436 |
| Koha biblioitemnumber | 69436 |
| Код за отписване | Код за изгубен артикул | Източник на класификационната схема | Код за повреда | Коз за рестрикции | Код за отдаване | Артикулен № | Име на библиотеката - собственик | Име на библиотеката, в която се намира в момента | Статус (Текущо местоположение) | Дата на вписване в системата | Местоположение - отдел | Цена в лева | Инвентарен номер | Систематично азбучна сигнатура | Баркод | Номер на екземпляра | Цена в евро | Служебна бележка | Служебен тип на артикула |
|---|---|---|---|---|---|---|---|---|---|---|---|---|---|---|---|---|---|---|---|
| Не е изгубен | Universal Decimal Classification | Не е повреден | без рестрикции | заемане за дома | 113858 | Регионална библиотека "Любен Каравелов" Русе | Регионална библиотека "Любен Каравелов" Русе | Заемна - подръчен фонд | 2007-04-04 | Заемна - подръчен фонд | 13.00 | 120000712061 | П 94(4)/Б 62 | 120000712061 | 1 | 6.65 | Дост: Pk Вид: Ф N: 137 Дата: 04.04.2007 Дата инв: 07.02.2018 Бележки инв: П2018 | Книги | |
| Не е изгубен | Universal Decimal Classification | Не е повреден | без рестрикции | ползва се в читалня | 113859 | Регионална библиотека "Любен Каравелов" Русе | Регионална библиотека "Любен Каравелов" Русе | Читалня | 2007-04-04 | Читалня | 13.00 | 120000712062 | Ч 93/94/Б 62 И | 120000712062 | 2 | 6.65 | Дост: Pk Вид: Ф N: 137 Дата: 04.04.2007 Дата инв: 28.03.2017 Бележки инв: Ч2017 | Книги | |
| Не е изгубен | Не е повреден | без рестрикции | ползва се в читалня | 113860 | Регионална библиотека "Любен Каравелов" Русе | Регионална библиотека "Любен Каравелов" Русе | Хранилище | 2007-11-14 | Хранилище | 13.00 | 120000719738 | Цб 232973 | 120000719738 | 3 | 6.65 | Дост: Dp Вид: Д N: 29 Дата: 27.06.2007 | Книги | ||
| Не е изгубен | Universal Decimal Classification | Не е повреден | без рестрикции | заемане за дома | 113861 | Регионална библиотека "Любен Каравелов" Русе | Регионална библиотека "Любен Каравелов" Русе | Заемна - подръчен фонд | 2008-09-29 | Заемна - подръчен фонд | 13.00 | 120000729880 | П 94(4)/Б 62 | 120000729880 | 4 | 6.65 | Дост: Pk Вид: Ф N: 8937 Дата: 24.09.2008 Дата инв: 07.02.2018 Бележки инв: П2018 | Книги | |
| Не е изгубен | Universal Decimal Classification | Не е повреден | без рестрикции | заемане за дома | 113862 | Регионална библиотека "Любен Каравелов" Русе | Регионална библиотека "Любен Каравелов" Русе | Заемна - подръчен фонд | 2008-09-29 | Заемна - подръчен фонд | 13.00 | 120000729881 | П 94(4)/Б 62 | 120000729881 | 5 | 6.65 | Дост: Pk Вид: Ф N: 8937 Дата: 24.09.2008 Дата инв: 07.02.2018 Бележки инв: П2018 | Книги |